Classic Rock Bands by Picture 1960's and 70's - Statistics

General Stats
  • This quiz has been taken 511 times
    476 since last reset
  • The average score is 28 of 80
Answer Stats
Picture Answer % Correct
The Beatles
94%
Led Zeppelin
84%
The Rolling Stones
83%
David Bowie
81%
The Who
78%
Jimi Hendrix Expeirience
77%
Queen
75%
Elton John
74%
AC/DC
71%
Doors
71%
Fleetwood Mac
71%
Bob Dylan
70%
Kiss
70%
Black Sabbath
65%
Janis Joplin
64%
Pink Floyd
64%
ZZ Top
64%
Aerosmith
60%
Bob Marley
56%
Cream
56%
Roy Orbison
56%
Eric Clapton
54%
Creedence Clearwater Revival
51%
Lynyrd Skynyrd
51%
Jethro Tull ( Ian Anderson Pictured)
46%
The Kinks
46%
Joni Mitchell
41%
Billy Joel
40%
Eric Burdon & the Animals
40%
The Byrds
38%
Deep Purple
37%
Cat Stevens
33%
Jefferson Airplane
33%
Vanhalen
33%
Electric Light Orchestra
32%
Rush
29%
Boston
28%
Van Morrison
28%
Heart
26%
Jackson Browne
26%
James Taylor
26%
The Yardbirds
26%
Allman Brothers Band
25%
Bruce Springsteen and the E Street Band
25%
Crosby, Stills, Nash & Young
24%
The Band
24%
Kansas
22%
Thin Lizzy
22%
Genesis (Peter Gabriel Pictured)
21%
Jeff Beck
21%
Johnny Winter
21%
Yes (Jon Anderson Pictured)
21%
Donovan Leitch
20%
Doobie Brothers
20%
Edgar Winter
19%
Cheap Trick
18%
Santana
18%
Emerson, Lake & Palmer
16%
Steppenwolf
16%
Peter Frampton
15%
Joe Cocker
14%
Bob Seger & the Silver Bullet Band
12%
Grand Funk Railroad
12%
Moody Blues
12%
Blue Oyster Cult
11%
Bad Company
10%
Blind Faith
10%
Canned Heat
10%
Stevie Winwood
10%
Richie Havens
9%
Steve Miller Band
9%
Three Dog Night
9%
Supertramp
8%
Traffic
8%
Harry Chapin
7%
Todd Rundgren
6%
Foghat
3%
Black Oak Arkansas
2%
Gentle Giant
2%
J. Geils Band
2%
No matching quizzes found
Score Distribution
Percent of People with Each Score
Percentile by Number Answered
Your Score History
You have not taken this quiz since the last reset